000 00315nam a22001097a 4500
999 _c13417
_d13417
082 _a297.64
100 _aمولانا سید محمد عون نقوی
245 _aعرفان مدینہ
260 _aPakistan
_bادارہ تبلیغ تعلیمات اسلامی پاکستان
_c2010
300 _a577
942 _cBK